| 000 | 00737nam a22002177a 4500 | ||
|---|---|---|---|
| 003 | OSt | ||
| 005 | 20230201151214.0 | ||
| 008 | 221006b |||||||| |||| 00| 0 eng d | ||
| 040 | _cBiblioteca Lado V | ||
| 082 |
_aCR868 _bM715s |
||
| 100 |
_9715 _aMojica, Victor A. _eautora |
||
| 245 | _aSecar en invierno/ | ||
| 260 |
_aCosta Rica _bEdiciones 1390 _c2019 |
||
| 300 |
_c12x15cm _a12p. _bhojas sueltas tipo cartas |
||
| 490 | _vvolumen II | ||
| 650 | 0 |
_2Tesauro de Arte & Arquitectura _aLITERATURA _9702 |
|
| 650 |
_2Tesauro de Arte & Arquitectura _aARTE COSTARRICENSE |
||
| 650 |
_2Tesauro de Arte & Arquitectura _aARTE |
||
| 700 |
_aMorales, Agusto _eautor (Colaborador) |
||
| 942 |
_2ddc _c1 _hCR868 _iM715s _n0 |
||
| 999 |
_c3019 _d3019 |
||